Philippine Map. (Record no. 116578)
[ view plain ]
| 000 -LEADER | |
|---|---|
| fixed length control field | 00320nam a2200121 a 4500 |
| 005 - DATE AND TIME OF LATEST TRANSACTION | |
| control field | 20140513081057.0 |
| 008 - FIXED-LENGTH DATA ELEMENTS--GENERAL INFORMATION | |
| fixed length control field | 071001s19uu xx 00 eng d |
| 050 ## - LIBRARY OF CONGRESS CALL NUMBER | |
| Classification number | Map |
| Item number | POL 2007 |
| 245 ## - TITLE STATEMENT | |
| Title | Philippine Map. |
| 260 ## - PUBLICATION, DISTRIBUTION, ETC. (IMPRINT) | |
| Place of publication, distribution, etc | Philippines : |
| Name of publisher, distributor, etc | United Tourist promotions, |
| Date of publication, distribution, etc | 2007. |
| 650 ## - SUBJECT ADDED ENTRY--TOPICAL TERM | |
| Topical term or geographic name as entry element | Map |
| General subdivision | Philippines |
| Withdrawn status | Lost status | Damaged status | Home library | Current library | Shelving location | Date acquired | Source of acquisition | Cost, normal purchase price | Total Checkouts | Full call number | Barcode | Date last seen | Price effective from | Koha item type |
|---|---|---|---|---|---|---|---|---|---|---|---|---|---|---|
| Elizalde Library | Elizalde Library | KIT Section | 10/01/2007 | 179.00 | Map POL 2007 | E677 | 05/13/2014 | 05/13/2014 | Kits |